Województwo skierniewickie 1975-98 miasta - Statystyki

Ogólne statystyki
  • Ten quiz został rozwiązany 96 razy
  • Średni wynik to 6 z 8
Statystyki odpowiedzi
Ludność Miasto % Poprawnych
48 696 Skierniewice
97%
31 750 Łowicz
93%
18 422 Rawa Mazowiecka
83%
41 443 Żyrardów
75%
37 585 Sochaczew
73%
3 231 Biała Rawska
52%
12 924 Brzeziny
48%
6 293 Mszczonów
38%
Nie znaleziono quizów pasujących do podanych kryteriów
Rozkład punktacji
Procent ludzi z każdym wynikiem
Percentyl według liczby udzielonych odpowiedzi
Twoja historia wyników
Nie rozwiązałeś tego quizu